LIBRARY & INFORMATION CENTRE, KCAET, TAVANUR

ONLINE PUBLIC ACCESS CATALOGUE (OPAC)

Normal view MARC view
  • Directory

Entry Topical Term

Number of records used in: 1

001 - CONTROL NUMBER

  • control field: 7858

003 - CONTROL NUMBER IDENTIFIER

  • control field: OSt

005 - DATE AND TIME OF LATEST TRANSACTION

  • control field: 20260213112611.0

008 - FIXED-LENGTH DATA ELEMENTS

  • fixed length control field: 260213|| aca||aabn | a|a d

040 ## - CATALOGING SOURCE

  • Original cataloging agency: OSt
  • Transcribing agency: OSt

150 ## - HEADING--TOPICAL TERM

  • Topical term or geographic name as entry element: Directory

670 ## - SOURCE DATA FOUND

  • Source citation: Work cat.: (OSt)399: Directory of board members and key personnel, Vol 5 / , 2003.
free website counter